CCR Greatest Hits - Statistics

General Stats
  • This quiz has been taken 277 times
  • The average score is 9 of 17
Answer Stats
Hint Answer % Correct
I wanna know, ____ ___ ____ ____ ___ ____? Have You Ever Seen the Rain?
88%
It ain't me, it ain't me; I ain't no ________ one! Fortunate Son
87%
Big wheel keep on turnin' _____ ____ keep on burnin' Proud Mary
87%
Don't go around tonight. Well, it's bound to take your life... Bad Moon Rising
78%
____ __ ___ _______, out in the street. Willy and the Poorboys.... Down on the Corner
67%
Doo, doo, doo ______' ___ __ ____ _____ Lookin' Out My Back Door
57%
Chasin' down a hoodoo there... Born on the Bayou
52%
Oh, Lord, I'm stuck in ____ again. Lodi
51%
I wanna move, playin' in a ________' _____. Yeah! Travelin' Band
50%
I can hear the bullfrog callin' me......come on home to _____ _____ Green River
45%
_ _____ __ _____ ___ __________ and I'm just about to lose my mind. Honey, honey yeah. I Heard it Through the Grapevine
43%
Oh _____ _, baby I love you, ______ _. Suzie Q
40%
___ _______, gonna be tonight; don't you know I'm flyin'.... Hey Tonight
34%
_ ___ _ ____ __ ___, because you're mine. I Put a Spell on You
33%
Though I'm goin, goin; I'll be coming home soon, ____ __ _ ___ ___ ___ _____ Long as I Can See the Light
26%
_____ _____, ____ _____, sure like a ball. When you're rockin' and a rollin'.... Good Golly Miss Molly
22%
Com, _________, git, git ,git, gone. Commotion
19%
No matching quizzes found
Score Distribution
Percent of People with Each Score
Percentile by Number Answered
Your Score History
You have not taken this quiz